Industries Development and Regulation Act, 1951 (Record no. 1191202)

MARC details
000 -LEADER
fixed length control field 00891nam a2200253Ia 4500
003 - CONTROL NUMBER IDENTIFIER
control field OSt
005 - DATE AND TIME OF LATEST TRANSACTION
control field 20221007110708.0
008 - FIXED-LENGTH DATA ELEMENTS--GENERAL INFORMATION
fixed length control field 221006b |||||||| |||| 00| 0 eng d
037 ## - SOURCE OF ACQUISITION
Terms of availability Textual
040 ## - CATALOGING SOURCE
Original cataloging agency LCO
Transcribing agency LCO
Language of cataloging eng
041 ## - LANGUAGE CODE
Source of code eng
Language code of text/sound track or separate title eng
100 ## - MAIN ENTRY--PERSONAL NAME
Personal name Malik P.L.
245 #0 - TITLE STATEMENT
Title Industries Development and Regulation Act, 1951
260 ## - PUBLICATION, DISTRIBUTION, ETC.
Place of publication, distribution, etc. Lucknow
Name of publisher, distributor, etc. Eastern Book Company India
Date of publication, distribution, etc. 1979
300 ## - PHYSICAL DESCRIPTION
Extent 190
500 ## - GENERAL NOTE
General note Registration and Licensing of Industrial Undertaking Rules, 1952 and related material on Incentives, Concessions, Exemptions, Foreign Exchange Regulations, Authorities for Different Industries, etc.
650 ## - SUBJECT ADDED ENTRY--TOPICAL TERM
Topical term or geographic name entry element INDUSTRIAL DEVELOPMENT
9 (RLIN) 243834
942 ## - ADDED ENTRY ELEMENTS (KOHA)
Classification part X8(A):89ZB:(ZqN51), L9
Koha item type Textual
Holdings
Withdrawn status Lost status Damaged status Not for loan Home library Current library Date acquired Total Checkouts Full call number Barcode Date last seen Price effective from Koha item type
        Law Centre-I Library Law Centre-I Library 2022-10-07   X8(A):89ZB:(ZqN51) L9 LO0630184 2022-10-07 2022-10-07 Textual
Copyright @ Delhi University Library System